01678nam a2200241Ia 4500001000600000003000900006008004100015040001300056040001300069041001300082100002100095100002900116245001400145245001400159250001100173260000900184260002500193260004900218300005700267500103900324650004201363650003101405G5000IT-RoPAU130308s9999 xx 000 0 und d aIT-RoPAU cIT-RoPAU aITALIANO aCattaneo Armando gCodice Aut. SPICS: 54932 aCaro Bill bCaro Bill a1a ed. aROMA bEdizioni Paoline Fsp c1999 [1° Ed.:1999 - Ed.Ling.Originale:1999] a"128 p. (prefazione: no ; testo: 128 [pagine: 0-0])" aLettere mai Spedite a Bill Gates per una Proposta di Partnership a Livellodi Contenuti, che l'autore Individua nella Chiesa Cattolica. Una sola Missione: Il Messaggio Deve Arrivare. La montagna e Il topolino: la Chiesa Vanta tanti Documenti e pochi Fatti, Gates tanti Fatti e meno Riflessioni. La Naomi Campbell della Comunicazione: la Chiesa Come Forma Comunicativa Ideale: Universalità e Località Unite Insieme. Una buona Compagna di Viaggio: la Chiesa Modello Comunicativo Ideale: pluralismo e Dialogo Uniti Insieme. Il freno che Accelera: Il Papa Come Personaggio Mediatico. L'Acceleratore che Frena: Il ritardo della Ricerca Teologica Sul fenomeno Comunicativo di Massa. Il Maggiolino tutto Matto: la Televisione. in Cassaforte, in vendita Ocome sole e pioggia dal Cielo?: Il Problema dei Contenuti. da Arbitro a Giocatore: Dalla Logica del Controllo a quella della Presenza. Gioco di Squadra per Andare In... Rete: Unire le forze per Esserci. Un Modellino in Scalaridotta: le Radio del circuito Marconi: Provare per Credere. aSAGGI PASTORALE COMUNICAZIONE SOCIALE eCodice materia Spics: 9311